Microeconomía. : (Record no. 40145)
[ view plain ]
| 000 -CABECERA | |
|---|---|
| campo de control de longitud fija | 00798nam a2200229 a 4500 |
| 001 - NÚMERO DE CONTROL | |
| campo de control | 000040655 |
| 005 - FECHA Y HORA DE LA ÚLTIMA TRANSACCIÓN | |
| campo de control | 20240417183156.0 |
| 008 - DATOS DE LONGITUD FIJA--INFORMACIÓN GENERAL | |
| campo de control de longitud fija | 130904s2007 sp a 001 0 spa d |
| 020 ## - NÚMERO INTERNACIONAL ESTÁNDAR DEL LIBRO | |
| Número Internacional Estándar del Libro | 9788429126310 |
| 040 ## - FUENTE DE LA CATALOGACIÓN | |
| Centro catalogador/agencia de origen | DO-SdBNP |
| Lengua de catalogación | spa |
| Centro/agencia transcriptor | BNPHU |
| 082 ## - NÚMERO DE LA CLASIFICACIÓN DECIMAL DEWEY | |
| Número de clasificación | 338.5 |
| Número de documento/Ítem | K94mi |
| 100 1# - ENTRADA PRINCIPAL--NOMBRE DE PERSONA | |
| Nombre de persona | Krugman, Paul |
| Fechas asociadas al nombre | 1953- |
| 9 (RLIN) | 67016 |
| 240 10 - TÍTULO UNIFORME | |
| Título uniforme | Microeconomics |
| Lenguaje de la obra | spa |
| 245 10 - MENCIÓN DE TÍTULO | |
| Título | Microeconomía. : |
| Resto del título | Introducción a la Economía / |
| Mención de responsabilidad, etc. | Paul Krugman; Robin Wells; traducción, Sonia Benito Muela. |
| 260 ## - PUBLICACIÓN, DISTRIBUCIÓN, ETC. | |
| Lugar de publicación, distribución, etc. | Barcelona, España : |
| Nombre del editor, distribuidor, etc. | Reverté, |
| Fecha de publicación, distribución, etc. | 2007. |
| 300 ## - DESCRIPCIÓN FÍSICA | |
| Extensión | xxiii, 537 p. : |
| Otras características físicas | il. ; |
| Dimensiones | 28 cm. |
| 500 ## - NOTA GENERAL | |
| Nota general | La biblioteca posee la reimpresion del 2010 |
| 650 #0 - PUNTO DE ACCESO ADICIONAL DE MATERIA--TÉRMINO DE MATERIA | |
| Término de materia o nombre geográfico como elemento de entrada | Microeconomía |
| 9 (RLIN) | 22953 |
| 700 12 - PUNTO DE ACCESO ADICIONAL--NOMBRE DE PERSONA | |
| Nombre de persona | Wells, Robin |
| 9 (RLIN) | 67017 |
| 700 12 - PUNTO DE ACCESO ADICIONAL--NOMBRE DE PERSONA | |
| Nombre de persona | Benito Muela, Sonia |
| Término indicativo de función/relación | trad. |
| 9 (RLIN) | 67018 |
| 910 ## - DATOS DE OPCIÓN DEL USUARIO (OCLC) | |
| Datos de opción del usuario | Validado. Control de calidad MFF |
| Estado de retiro | Estado de pérdida | Restricciones de uso | No para préstamo | Código de colección | Localización permanente | Ubicación/localización actual | Ubicación en estantería | Fecha de adquisición | Número de inventario | Total de préstamos | Signatura topográfica completa | Código de barras | Fecha visto por última vez | Precio válido a partir de | Tipo de ítem Koha |
|---|---|---|---|---|---|---|---|---|---|---|---|---|---|---|---|
| Excluido de préstamo | Monografías: Libros y Folletos | General | General | Depósito | 04.09.2013 | LF1 | 338.5 K94mi | 40655-10 | 25.06.2020 | 25.06.2020 | No se presta |
